000 01588nam a2200361 a 4500
999 _c529467
_d529467
001 953567
003 NUST
005 20190926125807.0
008 841025s1983 dcua b f000 0 eng
010 _a 84050345
020 _a0309035678 (pbk.) :
_c$6.80
038 _aMSOHAIL
040 _aDLC
_cDLC
_dDLC
043 _an-us---
050 0 0 _aKF1306.T7
_bL48 1983
082 0 0 _a346.7303/22
_a347.306322
_219
100 1 _aLewis, Russell M.
_921586
245 1 0 _aPractical guidelines for minimizing tort liability /
_cRussell M. Lewis ; topic panel, Ernest J. Blais ... [et al.] ; research sponsored by the American Association of State Highway and Transportation Officials in cooperation with the Federal Highway Administration.
260 _aWashington, D.C. :
_bTransportation Research Board, National Research Council,
_c[1983]
300 _a40 p. :
_bill. ;
_c28 cm.
440 0 _aSynthesis of highway practice,
_x0547-5570 ;
_v106
_921587
500 _a"December 1983."
504 _aIncludes bibliographical references.
650 0 _aTort liability of highway departments
_zUnited States.
_921588
650 0 _aGovernment liability
_zUnited States.
_921589
650 0 _aHighway law
_zUnited States.
_921590
700 1 _aBlais, Ernest J.
_921591
710 2 _aAmerican Association of State Highway and Transportation Officials.
_919553
710 1 _aUnited States.
_bFederal Highway Administration.
_920149
710 2 _aNational Research Council (U.S.).
_bTransportation Research Board.
_919676
906 _a7
_bcbc
_corignew
_d2
_eocip
_f19
_gy-gencatlg
942 _2ddc
_cBK